Německo-český a česko-německý elektrotechnický a elektronický slovník /
Salvato in:
| Altri autori: | |
|---|---|
| Natura: | Libro |
| Lingua: | ceco |
| Pubblicazione: |
Praha :
SNTL,
1965
|
| Tags: |
Nessun Tag, puoi essere il primo ad aggiungerne!!
|
MARC
| LEADER | 00000nam a22000003a 4500 | ||
|---|---|---|---|
| 001 | stu240 | ||
| 005 | 20150617225622.0 | ||
| 008 | 910430s1965----cs------------------cze-d | ||
| 040 | |a STU |b slo | ||
| 041 | 0 | |a cze | |
| 044 | |a cs | ||
| 080 | |a 621.3 |7 stu_us_auth*stu8325 | ||
| 080 | |a 801.316.4=30=850 | ||
| 100 | 1 | |a Kučera, A |4 edt | |
| 245 | 1 | |a Německo-český a česko-německý elektrotechnický a elektronický slovník / |c ved.red. Kučera,A | |
| 260 | |a Praha : |b SNTL, |c 1965 | ||
| 300 | |a 805 s | ||
| 996 | |b E15604 |c E*15604 |l EE11 |s P |a 0 |w stu240_0002 | ||
| 996 | |b 284EK01440 |c E*9912 |l EE01 |s A |a 24 |w stu240_0003 | ||
| 996 | |b E18325 |c E*18325 |l EE11 |s P |a 0 |w stu240_0004 | ||
| 996 | |b E10590 |c E*10590 |l EE11 |s P |a 0 |w stu240_0005 | ||